Sher dria / (Record no. 525670)

000 -LEADER
fixed length control field 00435nam a22001697a 4500
003 - CONTROL NUMBER IDENTIFIER
control field NUST
020 ## - INTERNATIONAL STANDARD BOOK NUMBER
Terms of availability (Hbk)
038 ## - RECORD CONTENT LICENSOR
Staff Name M. Shaban
082 ## - DEWEY DECIMAL CLASSIFICATION NUMBER
Classification number 915.47
Author Mark RAZ
100 ## - MAIN ENTRY--PERSONAL NAME
Personal name Raza Ali Abidi
9 (RLIN) 16605
245 ## - TITLE STATEMENT
Title Sher dria /
Statement of responsibility, etc. Raza Ali Abidi
260 ## - PUBLICATION, DISTRIBUTION, ETC.
Place of publication, distribution, etc. Lahore :
Name of publisher, distributor, etc. Sang e Meel Publications,
Date of publication, distribution, etc. 1996.
300 ## - PHYSICAL DESCRIPTION
Extent 341 p. ;
880 ## - ALTERNATE GRAPHIC REPRESENTATION
Linkage 100-01\r
Title رضا علی عابدی
880 ## - ALTERNATE GRAPHIC REPRESENTATION
Linkage 245-02\r
Title شیر دریا /
942 ## - ADDED ENTRY ELEMENTS (KOHA)
Source of classification or shelving scheme
Koha item type Book
Holdings
Withdrawn status Lost status Source of classification or shelving scheme Damaged status Not for loan Permanent Location Current Location Shelving location Date acquired Total Checkouts Full call number Barcode Date last seen Price effective from Koha item type
          Central Library (CL) Central Library (CL) Urdu Literature 07/03/2019   915.47 RAZ CL-E-1154 07/03/2019 07/03/2019 Book
© 2023 Central Library, National University of Sciences and Technology. All Rights Reserved.